Catálogo
 En Linea

El concepto de múltiples almas y algunos ritos fúnebres entre los negros américanos. / (Registro nro. 39675)

Detalles MARC
000 -CABECERA
campo de control de longitud fija 00513nam a2200133 a 4500
001 - NÚMERO DE CONTROL
campo de control 000040185
005 - FECHA Y HORA DE LA ÚLTIMA TRANSACCIÓN
campo de control 20201002033953.0
008 - DATOS DE LONGITUD FIJA--INFORMACIÓN GENERAL
campo de control de longitud fija 130814s1974 ve 000 0 spa d
040 ## - FUENTE DE LA CATALOGACIÓN
Centro catalogador/agencia de origen DO-SdBNP
Lengua de catalogación spa
Centro/agencia transcriptor BNPHU
100 1# - ENTRADA PRINCIPAL--NOMBRE DE PERSONA
Nombre de persona Pollak-Eltz, Angelina
9 (RLIN) 33945
245 13 - MENCIÓN DE TÍTULO
Título El concepto de múltiples almas y algunos ritos fúnebres entre los negros américanos. /
Mención de responsabilidad, etc. Angelina Pollak-Eltz.
260 ## - PUBLICACIÓN, DISTRIBUCIÓN, ETC.
Lugar de publicación, distribución, etc. Caracas :
Nombre del editor, distribuidor, etc. Universidad Catolica Andres Bello
-- Instituto de investigaciones Históricas,
Fecha de publicación, distribución, etc. 1974.
300 ## - DESCRIPCIÓN FÍSICA
Extensión 52 p. ;
Dimensiones 25 cm.
Existencias
Estado de retiro Estado de pérdida Restricciones de uso No para préstamo Código de colección Localización permanente Ubicación/localización actual Ubicación en estantería Fecha de adquisición Número de inventario Total de préstamos Signatura topográfica completa Código de barras Fecha visto por última vez Precio válido a partir de Tipo de ítem Koha
      Excluido de préstamo Monografías: Libros y Folletos General General En catalogación 14.08.2013 LF1   40185-10 25.06.2020 25.06.2020 No se presta

Con tecnología Koha